00347nam a2200121Ia 4500008004100000041001200041082002000053100003400073245008400107250001200191260001400203300000800217231217s9999 xx 000 0 und d aEnglish a001.6404 LIU;9 aLiu, Yu Cheng Gibson, Glenn A 0aMicrocomputer systems: The 8086 8088 family architecture programming and design a2nd ed. c1992bPHI a623